Statystyki dla Drugie największe miasto według ludności w krajach europejskich

Kliknij tutaj aby rozwiązać quiz!

Ogólne statystyki

  • Ten quiz został rozwiązany 26 razy
  • Średni wynik to 17 z 43

Statystyki odpowiedzi

PaństwoMiasto% Poprawnych
PolskaKraków
91%
FrancjaMarsylia
82%
HiszpaniaBarcelona
77%
WłochyMediolan
77%
HolandiaRotterdam
77%
NiemcyHamburg
73%
GrecjaSaloniki
73%
CzechyBrno
68%
SłowacjaKoszyce
68%
PortugaliaPorto
68%
Wielka BrytaniaBirmingham
64%
SzwajcariaGenewa
64%
RosjaPetersburg
64%
LitwaKowno
59%
SzwecjaGöteborg
55%
NorwegiaBergen
50%
IrlandiaCork
45%
ChorwacjaSplit
45%
AustriaGraz
41%
LiechtensteinVaduz
41%
SłoweniaMaribor
36%
WęgryDebreczyn
32%
BiałoruśHomel
32%
BośniaBanja Luka
27%
AlbaniaDurrës
27%
ŁotwaDyneburg
27%
FinlandiaEspoo
27%
BelgiaGandawa
27%
RumuniaKluż-Napoka
27%
DaniaÅrhus
18%
MaltaMosta
18%
BułgariaPłowdiw
18%
EstoniaTartu
18%
SerbiaNisz
14%
KosowoPrizren
9%
MacedoniaBitola
5%
CzarnogóraNikšić
5%
MołdawiaBielce
0%
San MarinoBorgo Maggiore
0%
AndoraEscaldes-Engordany
0%
LuksemburgEsch-sur-Alzette
0%
IslandiaKópavogur
0%
MonakoLa Condamine
0%

Rozkład punktacji

Percentyl według liczby udzielonych odpowiedzi

Procent ludzi z każdym wynikiem

Twoja historia wyników

Nie rozwiązałeś tego quizu